| 000 | 00644nam a22001817a 4500 | ||
|---|---|---|---|
| 999 |
_c5038 _d5038 |
||
| 008 | 150907b xxu||||| |||| 00| 0 eng d | ||
| 020 | _a9780757562105 | ||
| 050 | _aRA 776 .B68 2009 | ||
| 100 | _aBounds, Laura E. | ||
| 245 |
_aHealth and fitness: _c Laura, Bounds E. ... [et al.]. _bA guide to a healthy lifestyle/ |
||
| 250 | _a4th ed. | ||
| 260 |
_aDubuque, _bKendall Hunt publishing company, _c2009. |
||
| 300 |
_axv,464 p.: _bill.; _c28 cm. |
||
| 504 | _aIncludes index. | ||
| 650 | _aPhysical fitness. | ||
| 650 | _aHealth. | ||
| 700 | _aBrekken-Shea, Kirstin. | ||
| 700 | _a Agnor, Dottiedee. | ||
| 700 | _aDarnell, Gayden. | ||
| 942 |
_2lcc _cBOOKS _hRA 776.B68 2009 |
||